[Event "FICGS rapid E 000170 email"]
[Site "FICGS email"]
[Date "2016.03.08"]
[Round "1"]
[White "Piantadosi, Angelo"]
[Black "Jankovic, Mladen"]
[Result "1-0"]
[WhiteElo "1373"]
[BlackElo "819"]
[PlyCount "21"]
[EventDate "2016.??.??"]
[EventType "tourn (rapid)"]
[EventRounds "6"]
[SourceTitle "Corr 2022"]
[Source "ChessBase"]
[SourceDate "2021.10.24"]
[SourceVersion "1"]
[SourceVersionDate "2021.10.24"]
[SourceQuality "1"]

1. d4 Nf6 2. c4 g6 3. Nc3 Bg7 4. e4 0-0 5. Nf3 d6 6. Be2 e5 7. 0-0 b6 8. h3 Bb7 9. d5 c6 10. b4 a5 11. b5 1-0

[Event "FICGS class F 000099 email"]
[Site "FICGS email"]
[Date "2011.08.12"]
[Round "1"]
[White "Jankovic, Mladen"]
[Black "Dotti Contra, Alessandro"]
[Result "0-1"]
[WhiteElo "908"]
[BlackElo "1099"]
[PlyCount "48"]
[EventDate "2011.??.??"]
[EventType "tourn (corr)"]
[EventRounds "5"]
[SourceTitle "Corr 2022"]
[Source "ChessBase"]
[SourceDate "2021.10.24"]
[SourceVersion "1"]
[SourceVersionDate "2021.10.24"]
[SourceQuality "1"]

1. e4 e5 2. Nf3 Nc6 3. Bc4 h6 4. Nc3 Nf6 5. d3 Bc5 6. 0-0 0-0 7. a3 d6 8. b4 Bd4 9. Nxd4 Nxd4 10. Bb2 Bg4 11. f3 Bh5 12. g4 Bg6 13. Nd5 Nxd5 14. Bxd5 c6 15. Bxd4 exd4 16. Bb3 b5 17. h3 d5 18. e5 Re8 19. f4 Qh4 20. Rf3 Be4 21. Qe1 Qxe1+ 22. Rxe1 Bxf3 23. Kf2 Bxg4 24. hxg4 g6 0-1

[Event "FICGS class E 000114 email"]
[Site "FICGS email"]
[Date "2009.10.14"]
[Round "1"]
[White "Stoyanov, Zdravko"]
[Black "Jankovic, Mladen"]
[Result "1-0"]
[WhiteElo "1281"]
[BlackElo "1210"]
[PlyCount "31"]
[EventDate "2009.??.??"]
[EventType "tourn (corr)"]
[EventRounds "5"]
[SourceTitle "Corr 2022"]
[Source "ChessBase"]
[SourceDate "2021.10.24"]
[SourceVersion "1"]
[SourceVersionDate "2021.10.24"]
[SourceQuality "1"]

1. e4 e5 2. Nf3 Nc6 3. Bb5 a6 4. Bxc6 dxc6 5. d3 Bg4 6. h3 Bxf3 7. Qxf3 Qf6 8. Nd2 Be7 9. 0-0 0-0-0 10. Re1 b6 11. Re3 a5 12. Qg4+ Kb8 13. Rf3 Qe6 14. Qxg7 Nf6 15. Rf5 Kb7 16. Nf3 1-0

[Event "FICGS class E 000110 email"]
[Site "FICGS email"]
[Date "2009.07.07"]
[Round "1"]
[White "Jankovic, Mladen"]
[Black "Martinez, Silvio"]
[Result "1/2-1/2"]
[WhiteElo "1246"]
[BlackElo "1409"]
[PlyCount "31"]
[EventDate "2009.??.??"]
[EventType "tourn (corr)"]
[EventRounds "5"]
[SourceTitle "Corr 2022"]
[Source "ChessBase"]
[SourceDate "2021.10.24"]
[SourceVersion "1"]
[SourceVersionDate "2021.10.24"]
[SourceQuality "1"]

1. e4 e5 2. Nf3 Nc6 3. Bc4 Nh6 4. h3 b6 5. Nc3 Na5 6. b3 d6 7. 0-0 Nxc4 8. bxc4 c5 9. d3 g6 10. Nd5 Bb7 11. Bg5 Qc8 12. Nf6+ Ke7 13. Nxh7+ Ke8 14. Nf6+ Ke7 15. Nh7+ Ke8 16. Nf6+ 1/2-1/2

[Event "FICGS class E 000110 email"]
[Site "FICGS email"]
[Date "2009.07.07"]
[Round "1"]
[White "Stoyanov, Zdravko"]
[Black "Jankovic, Mladen"]
[Result "1-0"]
[WhiteElo "1316"]
[BlackElo "1246"]
[PlyCount "53"]
[EventDate "2009.??.??"]
[EventType "tourn (corr)"]
[EventRounds "5"]
[SourceTitle "Corr 2022"]
[Source "ChessBase"]
[SourceDate "2021.10.24"]
[SourceVersion "1"]
[SourceVersionDate "2021.10.24"]
[SourceQuality "1"]

1. e4 e5 2. Nf3 Nc6 3. Bb5 a6 4. Bxc6 dxc6 5. h3 Nf6 6. d3 Bd6 7. 0-0 0-0 8. Bg5 h6 9. Bh4 c5 10. Nbd2 c4 11. Nxc4 b5 12. Nxd6 Qxd6 13. Bg3 Nd7 14. d4 Bb7 15. d5 Rfe8 16. Re1 Re7 17. Qd2 Kf8 18. b3 Rd8 19. Nh4 g6 20. Qxh6+ Ke8 21. Qh8+ Nf8 22. Re3 c6 23. Rf3 cxd5 24. Rd1 Qe6 25. Rf6 Qd7 26. exd5 Bxd5 27. c4 1-0

[Event "FICGS class F 000075 email"]
[Site "FICGS email"]
[Date "2009.03.29"]
[Round "1"]
[White "Jankovic, Mladen"]
[Black "Frame, Jeremy"]
[Result "0-1"]
[WhiteElo "1154"]
[BlackElo "1115"]
[PlyCount "36"]
[EventDate "2009.??.??"]
[EventType "tourn (corr)"]
[EventRounds "5"]
[SourceTitle "Corr 2022"]
[Source "ChessBase"]
[SourceDate "2021.10.24"]
[SourceVersion "1"]
[SourceVersionDate "2021.10.24"]
[SourceQuality "1"]

1. e4 e5 2. Nf3 Nf6 3. Nxe5 d6 4. Nxf7 Kxf7 5. Bc4+ Be6 6. Bxe6+ Kxe6 7. d3 Be7 8. 0-0 Nbd7 9. Nc3 Nb6 10. b3 Kf7 11. a4 Qd7 12. a5 Rhf8 13. axb6 axb6 14. Bb2 Kg8 15. Nd5 Nxd5 16. exd5 Rf7 17. c4 Raf8 18. Bd4 c6 0-1

[Event "FICGS class F 000071 email"]
[Site "FICGS email"]
[Date "2009.01.08"]
[Round "1"]
[White "Jankovic, Mladen"]
[Black "Belaz, Egidio"]
[Result "1-0"]
[WhiteElo "1142"]
[BlackElo "1216"]
[PlyCount "65"]
[EventDate "2009.??.??"]
[EventType "tourn (corr)"]
[EventRounds "5"]
[SourceTitle "Corr 2022"]
[Source "ChessBase"]
[SourceDate "2021.10.24"]
[SourceVersion "1"]
[SourceVersionDate "2021.10.24"]
[SourceQuality "1"]

1. e4 c5 2. Nf3 d6 3. d4 cxd4 4. Nxd4 Nf6 5. Nc3 e5 6. Nf5 Be7 7. Nxg7+ Kf8 8. Nf5 Bxf5 9. exf5 Nc6 10. Bh6+ Ke8 11. Bc4 Qb6 12. Nd5 Nxd5 13. Qxd5 Nd8 14. 0-0-0 Qxf2 15. Bb5+ Nc6 16. Bxc6+ bxc6 17. Qxc6+ Kd8 18. Rxd6+ Bxd6 19. Qxd6+ Kc8 20. Rd1 Qb6 21. Qd7+ Kb8 22. Bg7 Rc8 23. Bxe5+ Rc7 24. Bxc7+ Qxc7 25. Qb5+ Kc8 26. Qa6+ Kb8 27. Qd6 Qxd6 28. Rxd6 Kc7 29. Rf6 Rf8 30. Kd2 Kd7 31. h4 Ke7 32. Ra6 Ra8 33. g4 1-0

[Event "FICGS class F 000071 email"]
[Site "FICGS email"]
[Date "2009.01.08"]
[Round "1"]
[White "Jankovic, Mladen"]
[Black "Marcel, Alexis"]
[Result "1-0"]
[WhiteElo "1142"]
[BlackElo "1287"]
[PlyCount "21"]
[EventDate "2009.??.??"]
[EventType "tourn (corr)"]
[EventRounds "5"]
[SourceTitle "Corr 2022"]
[Source "ChessBase"]
[SourceDate "2021.10.24"]
[SourceVersion "1"]
[SourceVersionDate "2021.10.24"]
[SourceQuality "1"]

1. e4 e5 2. Nf3 Nf6 3. Nxe5 d6 4. Nxf7 Kxf7 5. Bc4+ d5 6. exd5 Nxd5 7. Qf3+ Ke6 8. Nc3 c6 9. Qe4+ Kf6 10. Nxd5+ cxd5 11. Qf4+ 1-0

[Event "FICGS class F 000071 email"]
[Site "FICGS email"]
[Date "2009.01.08"]
[Round "1"]
[White "Neil, Charles"]
[Black "Jankovic, Mladen"]
[Result "0-1"]
[WhiteElo "1142"]
[BlackElo "1142"]
[PlyCount "50"]
[EventDate "2009.??.??"]
[EventType "tourn (corr)"]
[EventRounds "5"]
[SourceTitle "Corr 2022"]
[Source "ChessBase"]
[SourceDate "2021.10.24"]
[SourceVersion "1"]
[SourceVersionDate "2021.10.24"]
[SourceQuality "1"]

1. d4 Nf6 2. c4 g6 3. Nc3 d5 4. e3 Bg7 5. Nf3 0-0 6. Be2 Bf5 7. 0-0 a6 8. Qb3 b6 9. a4 Nc6 10. cxd5 Na5 11. Qa3 Be4 12. Nd2 Bxd5 13. Nxd5 Nxd5 14. b4 Nc6 15. b5 axb5 16. Bxb5 Ncb4 17. Nc4 Nc2 18. Qb2 Nxa1 19. Qxa1 c5 20. Bb2 cxd4 21. Bxd4 Bxd4 22. Qd1 Bc5 23. Qf3 Nc3 24. Nb2 Ra5 25. Nc4 Ra7 0-1

[Event "FICGS class F 000055 email"]
[Site "FICGS email"]
[Date "2008.02.29"]
[Round "1"]
[White "Jankovic, Mladen"]
[Black "Stoyanov, Zdravko"]
[Result "1-0"]
[WhiteElo "1224"]
[BlackElo "1289"]
[PlyCount "101"]
[EventDate "2008.??.??"]
[EventType "tourn (corr)"]
[EventRounds "5"]
[SourceTitle "Corr 2022"]
[Source "ChessBase"]
[SourceDate "2021.10.24"]
[SourceVersion "1"]
[SourceVersionDate "2021.10.24"]
[SourceQuality "1"]

1. e4 e5 2. Nf3 d6 3. d4 Be7 4. Bc4 Bg4 5. h3 Bh5 6. g4 Bg6 7. Nc3 Nf6 8. dxe5 Nxe4 9. Nxe4 Bxe4 10. Qe2 d5 11. Bd3 Bxf3 12. Qxf3 0-0 13. Bf4 c6 14. 0-0-0 Qa5 15. Kb1 b5 16. e6 Na6 17. Bd2 Qb6 18. exf7+ Rxf7 19. Bxh7+ Kf8 20. Bf5 g6 21. Bh6+ Ke8 22. Bd7+ Kxd7 23. Qxf7 Nc7 24. Qxg6 Qxf2 25. Rhf1 Qc5 26. Rf7 Ne6 27. Qh7 Re8 28. Re1 Qd6 29. Rf6 Kd8 30. Rfxe6 Qb4 31. c3 Qc5 32. Rxe7 Rxe7 33. Rxe7 Qxe7 34. Qxe7+ Kxe7 35. Be3 a5 36. h4 Kf6 37. h5 Kg7 38. h6+ Kh7 39. g5 Kg6 40. Kc2 a4 41. Bc5 Kh7 42. b3 axb3+ 43. axb3 Kg6 44. Kd3 Kh7 45. c4 bxc4+ 46. bxc4 dxc4+ 47. Kxc4 Kg6 48. Be7 Kh7 49. Kc5 Kg6 50. Kxc6 Kh7 51. Kd6 1-0

[Event "FICGS W-ch st1 g08 email"]
[Site "FICGS email"]
[Date "2008.01.08"]
[Round "1"]
[White "Jankovic, Mladen"]
[Black "Domanov, Dmitry"]
[Result "0-1"]
[WhiteElo "1224"]
[BlackElo "2199"]
[PlyCount "30"]
[EventDate "2008.??.??"]
[EventType "tourn (corr)"]
[EventRounds "8"]
[SourceTitle "Corr 2022"]
[Source "ChessBase"]
[SourceDate "2021.10.24"]
[SourceVersion "1"]
[SourceVersionDate "2021.10.24"]
[SourceQuality "1"]

1. e4 c5 2. Nf3 d6 3. d4 cxd4 4. Nxd4 Nf6 5. Nc3 a6 6. Bg5 e6 7. Qf3 Nbd7 8. Be2 Qc7 9. 0-0 b5 10. a3 Bb7 11. Rfe1 Be7 12. Qg3 Ne5 13. Rad1 h6 14. Bxf6 Bxf6 15. Ndxb5 axb5 0-1

[Event "FICGS class F 000049 email"]
[Site "FICGS email"]
[Date "2007.10.25"]
[Round "1"]
[White "Barradas, Anderson"]
[Black "Jankovic, Mladen"]
[Result "1-0"]
[WhiteElo "1266"]
[BlackElo "1061"]
[PlyCount "33"]
[EventDate "2007.??.??"]
[EventType "tourn (corr)"]
[EventRounds "5"]
[SourceTitle "Corr 2022"]
[Source "ChessBase"]
[SourceDate "2021.10.24"]
[SourceVersion "1"]
[SourceVersionDate "2021.10.24"]
[SourceQuality "1"]

1. e4 e5 2. Nf3 Nc6 3. Bb5 a6 4. Ba4 b5 5. Bb3 Nf6 6. d3 d6 7. Bg5 h6 8. Be3 d5 9. exd5 Nxd5 10. Bxd5 Bb7 11. Bxc6+ Bxc6 12. Nxe5 Bxg2 13. Rg1 Qd5 14. d4 c5 15. Nc3 Qb7 16. Qg4 cxd4 17. Bxd4 1-0

[Event "FICGS class F 000049 email"]
[Site "FICGS email"]
[Date "2007.10.25"]
[Round "1"]
[White "Jankovic, Mladen"]
[Black "Tiberiu, Maran"]
[Result "1-0"]
[WhiteElo "1061"]
[BlackElo "1400"]
[PlyCount "31"]
[EventDate "2007.??.??"]
[EventType "tourn (corr)"]
[EventRounds "5"]
[SourceTitle "Corr 2022"]
[Source "ChessBase"]
[SourceDate "2021.10.24"]
[SourceVersion "1"]
[SourceVersionDate "2021.10.24"]
[SourceQuality "1"]

1. e4 e5 2. f4 d6 3. d4 Be7 4. Nf3 f5 5. fxe5 fxe4 6. exd6 Bxd6 7. Ne5 Bxe5 8. c3 Bf6 9. Qe2 Ne7 10. Qxe4 Nbc6 11. Bc4 Qd6 12. Bf4 Qd7 13. Nd2 g5 14. Bg3 a6 15. Nb3 b5 16. Nc5 1-0

[Event "FICGS class F 000047 email"]
[Site "FICGS email"]
[Date "2007.09.30"]
[Round "1"]
[White "Hess, Volker"]
[Black "Jankovic, Mladen"]
[Result "1/2-1/2"]
[WhiteElo "1311"]
[BlackElo "1061"]
[PlyCount "108"]
[EventDate "2007.??.??"]
[EventType "tourn (corr)"]
[EventRounds "5"]
[SourceTitle "Corr 2022"]
[Source "ChessBase"]
[SourceDate "2021.10.24"]
[SourceVersion "1"]
[SourceVersionDate "2021.10.24"]
[SourceQuality "1"]

1. c4 e5 2. g3 Nf6 3. Bg2 d5 4. cxd5 Nxd5 5. Nc3 Nxc3 6. bxc3 Nc6 7. d4 exd4 8. cxd4 Bb4+ 9. Bd2 Bxd2+ 10. Qxd2 Nxd4 11. Nf3 Nxf3+ 12. Bxf3 Qxd2+ 13. Kxd2 0-0 14. Rhd1 Rd8+ 15. Kc3 Rxd1 16. Rxd1 Be6 17. Bxb7 Rb8 18. Bd5 Bg4 19. Rd2 Kf8 20. f3 Be6 21. Bxe6 fxe6 22. Rb2 Rxb2 23. Kxb2 Ke7 24. Kc3 Kd6 25. Kd4 e5+ 26. Kc4 g5 27. e4 c6 28. h4 gxh4 29. gxh4 h5 30. Kb4 a6 31. Kc4 c5 32. a3 Kc6 33. a4 Kd6 34. Kc3 a5 35. Kd3 Kc7 36. Ke3 c4 37. f4 exf4+ 38. Kxf4 Kd6 39. e5+ Ke6 40. Ke4 c3 41. Kd3 Kxe5 42. Kxc3 Kf4 43. Kd4 Kg4 44. Ke4 Kxh4 45. Kf4 Kh3 46. Kf3 h4 47. Kf2 Kg4 48. Kg2 Kf4 49. Kh3 Ke4 50. Kxh4 Kd4 51. Kg4 Kc4 52. Kf4 Kb4 53. Ke3 Kxa4 54. Kd2 Kb3 1/2-1/2

[Event "FICGS class F 000047 email"]
[Site "FICGS email"]
[Date "2007.09.30"]
[Round "1"]
[White "Richardson, Patrick"]
[Black "Jankovic, Mladen"]
[Result "1-0"]
[WhiteElo "1303"]
[BlackElo "1061"]
[PlyCount "91"]
[EventDate "2007.??.??"]
[EventType "tourn (corr)"]
[EventRounds "5"]
[SourceTitle "Corr 2022"]
[Source "ChessBase"]
[SourceDate "2021.10.24"]
[SourceVersion "1"]
[SourceVersionDate "2021.10.24"]
[SourceQuality "1"]

1. d4 d5 2. c4 dxc4 3. Nc3 e6 4. e4 a6 5. Bxc4 c5 6. Nf3 b5 7. Bb3 cxd4 8. Qxd4 Qxd4 9. Nxd4 Nd7 10. 0-0 Ngf6 11. a4 b4 12. Nce2 Nxe4 13. Re1 Nec5 14. Ba2 h6 15. Nc6 b3 16. Bb1 Bb7 17. Na5 Bd5 18. Nf4 Nf6 19. Be3 Nce4 20. Nxd5 exd5 21. Nxb3 Bb4 22. Rc1 0-0 23. f3 Ng5 24. Nc5 Rfe8 25. Kf2 Bxc5 26. Bxc5 Ne6 27. Bd3 Nxc5 28. Rxc5 Reb8 29. Rb1 Rb3 30. Ke3 Kf8 31. Kd2 a5 32. Rb5 Rb4 33. Rxb4 axb4 34. Bb5 Ne8 35. Kc2 Nc7 36. Kb3 Nxb5 37. axb5 Ke7 38. Rc1 d4 39. Rd1 Rd8 40. Kc4 Rc8+ 41. Kxb4 Rd8 42. b6 Ke6 43. Kb5 Rb8 44. Rxd4 f5 45. Rc4 Kd6 46. Rc6+ 1-0